Loading...
| Current Events | 6 | 11.67 | 67% | 33% | 17% |
| Fine Arts - Classical Music | 7 | 17.14 | 71% | 29% | 71% |
| Fine Arts - Other | 7 | 17.14 | 29% | 86% | 57% |
| Fine Arts - Painting & Sculpture | 9 | 14.44 | 44% | 44% | 56% |
| Geography | 3 | 10.00 | 33% | 33% | 33% |
| History - American | 8 | 11.25 | 38% | 13% | 63% |
| History - European | 7 | 11.43 | 43% | 14% | 57% |
| History - Other | 7 | 10.00 | 29% | 57% | 14% |
| History - World | 5 | 10.00 | 20% | 20% | 60% |
| Literature - American | 10 | 12.00 | 50% | 20% | 50% |
| Literature - British | 9 | 13.33 | 22% | 67% | 44% |
| Literature - European | 9 | 11.11 | 44% | 22% | 44% |
| Literature - World | 8 | 10.00 | 25% | 38% | 38% |
| Mythology | 3 | 20.00 | 100% | 33% | 67% |
| Other Academic | 2 | 5.00 | 0% | 50% | 0% |
| Philosophy | 6 | 10.00 | 33% | 33% | 33% |
| Religion | 6 | 15.00 | 67% | 33% | 50% |
| Science - Biology | 4 | 15.00 | 75% | 25% | 50% |
| Science - Chemistry | 6 | 15.00 | 50% | 33% | 67% |
| Science - Other | 10 | 12.00 | 40% | 30% | 50% |
| Science - Physics | 9 | 12.22 | 44% | 33% | 44% |
| Social Science | 8 | 11.25 | 25% | 38% | 50% |